000 01136cam a2200325 a 4500
001 4355179
003 US-DLC
005 20171208091606.0
008 891130m19899999mnu w 000 0 eng
010 _a 89212083
040 _aDLC
_cDLC
_dDLC
043 _an-us---
050 0 0 _aKF127
_b.W48 1989
082 0 0 _aR 348.7346
_a347.30846
_220
245 0 0 _aWest's federal practice digest 4th.
260 _aSt. Paul, Minn. :
_bThomson/West,
_cc1989-
300 _av. ;
_c27 cm.
500 _aPublisher: West Pub. Co. (1989-1997?); West group (1997?-2003?).
500 _aKept up to date by pocket parts, revised volumes, and by supplementary pamphlets which also update West's federal practice digest 3d.
500 _aDescription based on: t.p., v. 12B, c2004.
590 _aFor LC holdings see associated records.
650 0 _aLaw reports, digests, etc.
_zUnited States.
710 2 _aWest Group.
710 2 _aWest Publishing Company.
740 0 _aWest's federal practice digest fourth.
906 _a7
_bcbc
_corignew
_d2
_encip
_f19
_gy-gencatlg
942 _2ddc
_cREF
999 _c38850
_d38850